A handbook on mineral nutrition and diagnostictechniques for nutritional disorders of crops (Record no. 234546)

000 -LEADER
fixed length control field nam a22 7a 4500
003 - CONTROL NUMBER IDENTIFIER
control field Nust
005 - DATE AND TIME OF LATEST TRANSACTION
control field 20170322134951.0
008 - FIXED-LENGTH DATA ELEMENTS--GENERAL INFORMATION
fixed length control field 170322b xxu||||| |||| 00| 0 eng d
020 ## - INTERNATIONAL STANDARD BOOK NUMBER
International Standard Book Number 81-7754-323-7
040 ## - CATALOGING SOURCE
Transcribing agency ASAB
082 ## - DEWEY DECIMAL CLASSIFICATION NUMBER
Classification number 634
245 ## - TITLE STATEMENT
Title A handbook on mineral nutrition and diagnostictechniques for nutritional disorders of crops
Statement of responsibility, etc. by G Pathmanabhan
260 ## - PUBLICATION, DISTRIBUTION, ETC.
Place of publication, distribution, etc. Jodhpur, India
Name of publisher, distributor, etc. Agrobio ( india )
Date of publication, distribution, etc. 2008
300 ## - PHYSICAL DESCRIPTION
Extent 245 p
942 ## - ADDED ENTRY ELEMENTS (KOHA)
Source of classification or shelving scheme
Koha item type Book
Holdings
Withdrawn status Lost status Source of classification or shelving scheme Damaged status Not for loan Collection code Permanent Location Current Location Date acquired Total Checkouts Full call number Barcode Date last seen Price effective from Koha item type
            Atta-ur-Rahman School of Applied Biosciences (ASAB) Atta-ur-Rahman School of Applied Biosciences (ASAB) 03/22/2017   634 PAT ASAB1623 03/22/2017 03/22/2017 Book
© 2023 Central Library, National University of Sciences and Technology. All Rights Reserved.